|
|
|
|
| LEADER |
00000nam a2200000 a 4500 |
| 001 |
vtls001446813 |
| 003 |
SK-MaSNL |
| 005 |
20260301163513.0 |
| 008 |
210928s1973 RU r 0 rus |
| 035 |
|
|
|a SNK000402066
|
| 040 |
|
|
|a SNK
|b slo
|c SNK
|e AACR2
|
| 044 |
|
|
|a RU
|
| 072 |
|
7 |
|a 811.1/.8
|x Rôzne jazyky
|2 konspekt
|
| 080 |
|
|
|a 811(495/498)
|2 1981
|
| 080 |
|
|
|a 81`44
|2 1981
|
| 080 |
|
|
|a 81`36
|2 1981
|
| 080 |
|
|
|a (048.8)
|2 1981
|
| 080 |
|
|
|a (0.036.6)
|2 1981
|
| 245 |
1 |
|
|a Simpozium po grammatičeskoj tipologii sovremennych balkanskich jazykov (15-16 janvarja 1974 g.)
|b predvaritelnyje materialy
|
| 260 |
|
|
|a Moskva
|b Nauka
|c 1973
|
| 300 |
|
|
|a 71 s.
|c 26 cm
|
| 650 |
0 |
7 |
|a balkánske jazyky
|2 SNK
|9 67082
|
| 650 |
0 |
7 |
|a typológia (lingvistika)
|2 SNK
|9 67083
|
| 650 |
0 |
7 |
|a gramatika
|2 SNK
|9 865
|
| 655 |
|
7 |
|a príručky
|2 SNK
|9 74364
|
| 655 |
|
7 |
|a štúdie
|2 SNK
|9 57033
|
| 958 |
|
|
|a OND
|
| 999 |
|
|
|c 817230
|d 819160
|
| 952 |
|
|
|t P60, <04>, [BOOK], {604}
|a SNK
|b SNK
|y VYP
|7 0
|p 17A0450114
|o snkOIB 2641
|i snkK 909/2002
|0 0
|1 0
|4 0
|d 2002-12-18
|l 0
|r 2005-01-02 00:00:00
|w 2026-02-24
|